WM-Finaltorschützen - Statistiken

Allgemein
  • Dieses Quiz wurde 129 mal gespielt
  • Das Durchschnittsergebnis liegt bei 27 aus 83
Antwortstatistiken
Turnier Nation Spieler % Korrekt
Argentinien Lionel Messi
96%
Argentinien Lionel Messi
96%
WM 2014 Deutschland Mario Götze
95%
Frankreich Kylian Mbappe
92%
WM 2022 Frankreich Kylian Mbappe
92%
Frankreich Kylian Mbappe
92%
Frankreich Kylian Mbappe
92%
WM 2002 Brasilien Ronaldo
89%
Brasilien Ronaldo
89%
WM 2010 Spanien Andres Iniesta
84%
WM 1998 Frankreich Zinedine Zidane
84%
Frankreich Zinedine Zidane
84%
WM 2006 Frankreich Zinedine Zidane
84%
Deutschland Gerd Müller
79%
Brasilien Pele
77%
Brasilien Pele
77%
Brasilien Pele
77%
WM 1990 Deutschland Andreas Brehme
66%
Argentinien Angel di Maria
64%
Frankreich Antoine Griezmann
64%
Kroatien Mario Mandzukic
63%
Frankreich Mario Mandzukic (ET)
63%
Deutschland Helmut Rahn
62%
Deutschland Helmut Rahn
62%
WM 2018 Kroatien Ivan Perisic
60%
Frankreich Paul Pogba
57%
WM 1954 Ungarn Ferenc Puskas
47%
Deutschland Rudi Völler
47%
Deutschland Paul Breitner
45%
WM 1982 Deutschland Paul Breitner
45%
WM 1986 Deutschland Karl-Heinz Rummenigge
43%
Italien Marco Materazzi
40%
England Geoff Hurst
37%
England Geoff Hurst
37%
England Geoff Hurst
37%
Italien Paolo Rossi
31%
Frankreich Emmanuel Petit
29%
Deutschland Max Morlock
29%
WM 1974 Niederlande Johan Neeskens
28%
Argentinien Mario Kempes
20%
Argentinien Mario Kempes
20%
WM 1966 Deutschland Helmut Haller
13%
Brasilien Carlos Alberto
12%
Argentinien Jorge Luis Burruchaga
11%
Brasilien Jairzinho
9%
Deutschland Wolfgang Weber
8%
Italien Alessandro Altobelli
7%
Argentinien Jose Luis Brown
7%
Argentinien Jorge Alberto Valdano
5%
Brasilien Vava
5%
Brasilien Vava
5%
Brasilien Vava
5%
Brasilien Zagallo
5%
Ungarn Zoltan Czibor
5%
Uruguay Alcides Ghiggia
4%
Argentinien Guillermo Stabile
4%
Italien Marco Tardelli
4%
England Martin Peters
4%
Argentinien Daniel Bertoni
3%
WM 1978 Niederlande Dick Nanninga
3%
Schweden Agne Simonsson
2%
WM 1934 Tschechoslowakei Antonin Puc
2%
WM 1950 Brasilien Friaca
2%
Italien Gino Colaussi
2%
Italien Gino Colaussi
2%
Ungarn Györgi Sarosi
2%
WM 1962 Tschechoslowakei Josef Masopust
2%
Uruguay Jose Pedro Cea
2%
Uruguay Juan Alberto Schiaffino
2%
WM 1958 Schweden Nils Liedholm
2%
WM 1970 Italien Roberto Boninsegna
2%
Brasilien Amarildo
1%
Italien Angelo Schiavio
1%
WM 1930 Argentinien Carlos Peucelle
1%
Brasilien Gerson
1%
Uruguay Hector Castro
1%
Uruguay Pablo Dorado
1%
WM 1938 Ungarn Pal Titkos
1%
Italien Raimundo Orsi
1%
Italien Silvio Piola
1%
Italien Silvio Piola
1%
Uruguay Victoriano Santos Iriarte
1%
Brasilien Zito
1%
Keine übereinstimmenden Quizze gefunden
Verteilung der Resultate
Anzahl Personen mit jedem Resultat
Perzentil nach korrekt beantworteten Fragen
Ihre Resultats-Entwicklung
Sie haben dieses Quiz noch nicht gespielt